00845nam a2200229 a 450000100060000000300080000600500170001400800410003103500140007204000270008604100080011308200270012110000290014824501000017726000420027730000360031950001000035550000280045550400300048365000350051371000670054834759BD-RjUL20211209052216.0140519r1972197 nyua 001 0 eng d a(BD-RjUL) aANLbengcANLdBD-RjUL aeng04a301.45151073bMAS 19721 aMangano, Antonio,d1869-10aSons of Italy :ba social and religious study of the Italians in America /cby Antonio Mangano aNew York :bRussell & Russell,c1972. axii, 234 p. :billus. ;c23 cm. a"Edited under the direction of Missionary Education Movement of the United States and Canada.". a"A facsimile reprint.". aBibliography: p. 223-228. 0aItalians in the United States.1 aMissionary Education Movement of the United States and Canada.